[Event "Slask-ch Bak Memorial"]
[Site "Chorzow"]
[Date "2016.09.19"]
[Round "5"]
[White "Hertlein, Irena"]
[Black "Stemplewski, Kamil"]
[Result "1/2-1/2"]
[WhiteElo "1483"]
[BlackElo "1597"]
[PlyCount "94"]
[EventDate "2016.09.17"]
[EventType "swiss"]
[EventRounds "9"]
[EventCountry "POL"]
[SourceTitle "EXT 2018"]
[Source "ChessBase"]
[SourceDate "2017.10.13"]
[SourceVersion "1"]
[SourceVersionDate "2017.10.13"]
[SourceQuality "1"]

1. d4 Nf6 2. Nf3 d5 3. c4 e6 4. g3 Bb4+ 5. Bd2 Bxd2+ 6. Nbxd2 0-0 7. Bg2 Nbd7 8. 0-0 c6 9. Qc2 Qe7 10. Rac1 e5 11. cxd5 Nxd5 12. dxe5 Nxe5 13. Nxe5 Qxe5 14. Nf3 Qf6 15. e3 Ne7 16. Rfd1 Bg4 17. Qc3 Qxc3 18. Rxc3 Ng6 19. h3 Bxf3 20. Bxf3 Ne5 21. Bg2 Rad8 22. Rcc1 Nd3 23. Rc2 Rd7 24. Rcd2 Rfd8 25. Kf1 Kf8 26. Be4 Nc5 27. Rxd7 Rxd7 28. Rxd7 Nxd7 29. Ke1 Ke7 30. Kd2 Ne5 31. Kc3 h6 32. Kd4 Kd6 33. f4 Nd7 34. Bg2 Nf6 35. g4 Nd5 36. Bxd5 cxd5 37. e4 dxe4 38. Kxe4 g6 39. h4 Ke6 40. f5+ gxf5+ 41. gxf5+ Kf6 42. b4 b6 43. a4 Ke7 44. Ke5 h5 45. f6+ Kd7 46. b5 Kc7 47. Kd5 Kd7 1/2-1/2

[Event "POL-chT U19 2nd League"]
[Site "Szczyrk"]
[Date "2014.07.27"]
[Round "4.73"]
[White "Nowak, Kamil"]
[Black "Stemplewski, Kamil"]
[Result "1-0"]
[WhiteElo "1845"]
[BlackElo "1535"]
[PlyCount "83"]
[EventDate "2014.07.25"]
[EventType "team-swiss"]
[EventRounds "11"]
[EventCountry "POL"]
[SourceTitle "EXT 2015"]
[Source "ChessBase"]
[SourceDate "2014.11.20"]
[SourceVersion "1"]
[SourceVersionDate "2014.11.20"]
[SourceQuality "1"]
[WhiteTeam "Wroclaw KS Polonia U19 II"]
[BlackTeam "Chorzow ChTS U19"]
[WhiteTeamCountry "POL"]
[BlackTeamCountry "POL"]

1. e4 c5 2. Nf3 d6 3. d4 cxd4 4. Nxd4 Nf6 5. Nc3 a6 6. Be2 e6 7. f4 Qc7 8. Bf3 Be7 9. 0-0 0-0 10. Kh1 Nc6 11. Be3 Nxd4 12. Qxd4 e5 13. Qd2 Be6 14. Rfd1 Rfd8 15. a4 b6 16. f5 Bd7 17. g4 Bc6 18. Qf2 Qb7 19. Qg2 Nd7 20. g5 Bf8 21. Nd5 b5 22. a5 Nc5 23. b3 Bxd5 24. Rxd5 Qc7 25. Qd2 Nd7 26. Be2 Rdb8 27. c4 b4 28. Bf3 Rb7 29. h4 Nc5 30. Bxc5 dxc5 31. Qa2 Qe7 32. Qh2 Re8 33. Qg3 Qc7 34. Bg4 Rbb8 35. f6 Rbd8 36. fxg7 Bxg7 37. Bf5 Rxd5 38. exd5 Qd6 39. Be4 Rf8 40. Rf1 h6 41. Rf6 Qc7 42. gxh6 1-0

[Event "POL-chT U19 2nd League"]
[Site "Szczyrk"]
[Date "2014.07.25"]
[Round "1.44"]
[White "Golenia, Jan"]
[Black "Stemplewski, Kamil"]
[Result "1/2-1/2"]
[WhiteElo "1624"]
[BlackElo "1535"]
[PlyCount "90"]
[EventDate "2014.07.25"]
[EventType "team-swiss"]
[EventRounds "11"]
[EventCountry "POL"]
[SourceTitle "EXT 2015"]
[Source "ChessBase"]
[SourceDate "2014.11.20"]
[SourceVersion "1"]
[SourceVersionDate "2014.11.20"]
[SourceQuality "1"]
[WhiteTeam "Wieliczka MKS MOS U19"]
[BlackTeam "Chorzow ChTS U19"]
[WhiteTeamCountry "POL"]
[BlackTeamCountry "POL"]

1. d4 d5 2. Nf3 Nf6 3. g3 e6 4. Bg2 Bd6 5. 0-0 0-0 6. c3 Nbd7 7. Bg5 h6 8. Bxf6 Nxf6 9. Nbd2 b6 10. Qc2 Bb7 11. e3 Qe7 12. Rfe1 c5 13. Ne5 Bxe5 14. dxe5 Nd7 15. f4 c4 16. Nxc4 dxc4 17. Bxb7 Rab8 18. Bg2 Nc5 19. Bf1 b5 20. b4 Na4 21. Rad1 Rfd8 22. Rd4 Rxd4 23. exd4 Qc7 24. Re3 a5 25. a3 axb4 26. axb4 Qa7 27. Re1 Nb6 28. Bg2 Qa3 29. Rc1 Rc8 30. Be4 Nd5 31. Bxd5 exd5 32. f5 Qb3 33. e6 Re8 34. exf7+ Kxf7 35. Qxb3 cxb3 36. Rb1 Re2 37. Rxb3 Kf6 38. g4 Kg5 39. Ra3 Kxg4 40. Ra7 Kf3 41. h4 Re1+ 42. Kh2 Re2+ 43. Kg1 Re1+ 44. Kh2 Re2+ 45. Kg1 Re1+ 1/2-1/2